Qasr Ibrim : the Ottoman period /

Saved in:

Main Authors: Alexander, John, 1922-2010 (Author), Adams, William Y. 1927-2019 (Author)

Other Authors: Adams, Nettie K. (Contributor), Driskell, Boyce N. (Contributor)

Format: Book

Language: English

Published: London : Egypt Exploration Society, 2018.

Series: Excavation memoir ; 113.
EM ; 113.

Subjects:

Tags: Add Tag

No Tags, Be the first to tag this record!

Call Number: ( F )DT57 .E32 v.113

LEADER 01610cam a2200445Ii 4500
001 on1030915064
003 OSt
005 20240212071416.0
008 180409t20182018enkabe b 000 0 eng d
999 |c 56703  |d 56703 
015 |a GBB8B2376  |2 bnb 
016 7 |a 018914977  |2 Uk 
020 |a 0856982261  |q (paperback) 
020 |a 9780856982262  |q (paperback) 
035 |a (OCoLC)1030915064  |z (OCoLC)1030974563 
040 |c ARCE Library 
043 |a f-ua--- 
050 4 |a ( F )DT57 .E32 v.113 
100 1 |a Alexander, John,  |d 1922-2010,  |e author 
245 1 0 |a Qasr Ibrim :  |b the Ottoman period /  |c by John Alexander and William Y. Adams ; with contributions by Nettie K. Adams, Boyce N. Driskell. 
264 1 |a London :  |b Egypt Exploration Society,  |c 2018. 
264 4 |c ©2018. 
300 |a 184 pages :  |b illustrations (some color), maps, plans ;  |c 31 cm. 
336 |2 rdacontent  |a text  |b txt 
337 |2 rdamedia  |a unmediated  |b n 
338 |2 rdacarrier  |a volume  |b n 
490 1 |a EES excavation memoir ;  |v 113. 
490 1 |a EM ;   |v 113. 
500 |a "One-hundred and thirteenth excavation memoir edited by J.R. Anderson." 
504 |a Includes bibliographical references (pages 181-184). 
651 0 |a Egypt  |x History  |y 1250-1517. 
651 0 |a Egypt  |x History  |y 1517-1882. 
651 0 |a Ibrīm (Egypt)  |x Antiquities. 
700 1 |a Adams, William Y.  |q (William Yewdale),  |d 1927-2019  |e author 
700 1 |a Adams, Nettie K.,  |e contributor 
700 1 |a Driskell, Boyce N.,  |e contributor 
830 0 |a Excavation memoir ;  |v 113.  |x 0307-5109. 
830 0 |a EM ;   |v 113. 
901 |a reviewed 
942 |2 lcc  |c BK